000 00582nam a2200205Ia 4500
008 150520s9999 xx 000 0 und d
050 _aHF 5549.5
050 _b.L686 2015
100 _aLezarda, Pauline Mairead.
245 _aWork values profile of talon elementary school teachers/
245 _cPauline Mairead Lezarda.
260 _aLas PiƱas, Philippines :
260 _bSISC,
260 _c2015.
300 _a48 pages:
300 _billustrations ;
300 _c28 cm.
500 _aIncludes bibliographical references and appendices.
650 _aWork values
999 _c284073
_d284073